| 000 | 00840cam a2200265 i 4500 | ||
|---|---|---|---|
| 001 | 1839664 | ||
| 003 | GBCCL | ||
| 005 | 20241126110402.0 | ||
| 008 | 810114s1980 enk b 000 0 eng | ||
| 010 | _a 80515319 | ||
| 015 | _aGB80-11745 | ||
| 020 |
_a0851102360 (pbk.) : _c£0.60 |
||
| 040 |
_aDLC _cDLC _dDLC |
||
| 050 | 0 | 0 |
_aBX9750.S4 _bA44 |
| 082 | 0 | 0 |
_a289.96 _bALL |
| 100 | 1 |
_aAllan, John, _d1950- _92980 |
|
| 245 | 1 | 4 |
_aThe rising of the Moon : _ban examination of Sun Myung Moon and his Unification Church / _c[by] John Allan. |
| 260 |
_aLeicester : _bInter-Varsity Press, _c1980. |
||
| 300 |
_a62 p. ; _c18 cm. |
||
| 504 | _aBibliography: p. 62. | ||
| 600 | 1 | 0 |
_aMoon, Sun Myung. _92981 |
| 610 | 2 | 0 |
_aUnification Church _xControversial literature. _92982 |
| 906 |
_a7 _bcbc _corignew _d4 _encip _f19 _gy-gencatlg |
||
| 942 |
_2ddc _cBK |
||
| 999 |
_c1487 _d1487 |
||